| 000 | 00434nam a2200169Ia 4500 | ||
|---|---|---|---|
| 003 | GCL | ||
| 008 | 140319s9999 xx 000 0 eng d | ||
| 040 |
_aGCL / _cGCL |
||
| 082 | 0 | 4 |
_a541.394 _bL C |
| 100 | 1 | _aLAIDLER, KEITH J. | |
| 245 | 1 | 0 |
_aCHEMICAL KINETICS / _cLAIDLER, KEITH J. |
| 260 |
_a[S.N] : _bTATA MCGRAW - HILL PUBLISHING ، _c1992 |
||
| 300 | _a566\P | ||
| 650 | 0 | 4 | _aCHEMISTRY |
| 650 | 0 | 4 | _aKINETICS |
| 942 |
_2ddc _cBK |
||
| 999 |
_c20166 _d20166 |
||